000 00653nam a2200241 i 4500
001 C2-0284324
003 PPAK
005 20180728014209.0
008 071204s2007 my |||| ||||| | may d
020 _a9789836294777
040 _aPPAK
_beng
_cPPAK
_erda
082 0 4 _a303.34
_223
090 0 0 _a303.34
_bHUS
_dG
100 0 _aHusin @ Ibrahim Mamat,
_eauthor
245 1 0 _aPemimpin era globalisasi
264 1 _aKuala Lumpur :
_bDewan Bahasa dan Pustaka ,
_c2007
300 _axv, 281 pages ;
_c22 cm
336 _2rdacontent
_atext
337 _2rdamedia
_aunmediated
338 _2rdacarrier
_avolume
650 1 0 _aLeadership.
942 _ddc
_cB
999 _c90299
_d90299